| 000 | 00764pam a2200253 a 4500 | ||
|---|---|---|---|
| 008 | |||
| 020 | _a0582658039 (pbk.) | ||
| 049 | _aMAIN | ||
| 090 |
_aTP492 _bCOT. |
||
| 100 | 1 | _aCottell, L. W. | |
| 245 | 1 | 0 |
_aTropical refrigeration and air-conditioning / _cL.W. Cottell and S. Olarewaju. |
| 260 |
_aLondon : _bLongman, _c1983. |
||
| 300 |
_aviii, 231 p. : _bill. ; _c19 x 25 cm. |
||
| 440 | 0 | _aLongman industrial crafts series | |
| 500 | _aIncludes index. | ||
| 650 | 0 | _aRefrigeration and refrigerating machinery. | |
| 650 | 0 | _aAir conditioning. | |
| 700 | 1 | _aOlarewaju, S. | |
| 907 |
_a.b10201130 _b17-12-14 _c08-05-06 |
||
| 003 | |||
| 005 | 20230123134211.0 | ||
| 040 | _cNUST | ||
| 942 |
_cBOOKS _kTP492 _mCOT. |
||
| 999 |
_c161792 _d161792 |
||